000 00289nam a22001097a 4500
008 170119b xxu||||| |||| 00| 0 eng d
020 _a9781416037088
041 _aeng
080 _24TH
_a618.2
245 _aCOMPREHENSIVE REVIEW FOR THE NCLEX-RN EXAMINATION
_cSILVESTRI, L.A
942 _2udc
_cBK
999 _c3182
_d3182